| 000 | 00583nam a2200157 i 4500 | ||
|---|---|---|---|
| 001 | 28149 | ||
| 003 | ES-MaACL | ||
| 007 | t| | ||
| 008 | 030116s1862 fr ||||1| fre d | ||
| 100 | 1 |
_aBachelet, Th. _924468 |
|
| 245 | 1 | 0 |
_aDictionaire génerale des Lettres, des Beaux-Arts et des Sciences Morales et Politiques / _cpar Th. Bachelet ; une Societe de Litterateures d'Artistes, des Publicistes avec laco-direction de M. Ch. Dezobry. |
| 260 |
_aParís : _b[s.n., _c1862] ( _fJ. Claye) |
||
| 300 |
_a2 v. ; _c28 cm. |
||
| 700 | 1 |
_aDezobry, M. Ch. _944062 |
|
| 852 |
_aES-MaACL _jC-626-27 |
||
| 999 |
_c28149 _d28149 |
||